| 000 | 01675nam a22003857a 4500 | ||
|---|---|---|---|
| 003 | PE-LiUPU | ||
| 005 | 20250731173556.0 | ||
| 008 | 221222b |||||||| |||| 00| 0 spa d | ||
| 020 | _a9789972604508 | ||
| 040 |
_aPE-LiUPU _bspa _cPE-LiUPU _erda |
||
| 082 |
_a266.86785 _bC512l |
||
| 100 |
_aChávez Zamora, Raúl _eAutor. _9878 |
||
| 245 |
_aLa aurora boreal de un joven boyero : _bde comerciante a misionero, de las tinieblas a la luz / _cRaúl Chávez Zamora - Dónald Chávez Rojas. |
||
| 250 | _a1a edición. | ||
| 264 |
_aLima : _bCentro de Aplicaciones Editorial Unión, _c2016. |
||
| 300 |
_a264 páginas : _bilustraciones, _c24 centimetros. |
||
| 500 | _aIncluye fotos, | ||
| 505 | _aParte I - Vida juvenil en tinieblas -- Viajes comerciales -- Un nuevo amanecer para mi hermano Bernabé -- Parte II -- La aurore boreal del sol de Justicia (Jesucristo) nace en nuestros corazones -- Mi trabajo de colportor en la Costa y la Sierra -- Parte III -- Mi trabajo con el apóstol de los incas y mi matrimonio -- Apertura de la escuela primaria elemental adventista en Iquitos -- Formación pastoral con el pastor Stahl -- Viajes misioneros de Raul Chavez. | ||
| 526 | _aSEG42 | ||
| 526 | _aSEG41 | ||
| 526 | _aSEG40 | ||
| 526 | _aSEG39 | ||
| 526 | _aP94 | ||
| 526 | _aP87 | ||
| 526 | _aP86 | ||
| 526 | _aP85 | ||
| 526 | _aP77 | ||
| 526 | _aP76 | ||
| 526 | _aP35 | ||
| 650 | 0 |
_aMisioneros adventistas. _9879 |
|
| 700 |
_aChávez Rojas, Dónald _eCoautor. _9880 |
||
| 710 |
_aUniversidad Peruana Unión. _eEditor. _9873 |
||
| 942 |
_2ddc _cBK _n0 |
||
| 999 |
_c61683 _d61683 |
||
| 980 |
_622041 _aELI VALDERRAMA Analista Documental _81 _gALBERTO SANCHEZ Responsable de Automatización |
||